| 000 | 01094cam a2200313 a 4500 | ||
|---|---|---|---|
| 001 | 000014731 | ||
| 005 | 20200929163907.0 | ||
| 008 | 991202s1999 mx a b 001 0 spa | ||
| 020 | _a9686384340 | ||
| 040 |
_aDO-SdBNP _cDLC _dDLC |
||
| 042 | _apcc | ||
| 043 |
_acl----- _acc----- |
||
| 050 | 0 | 0 |
_aF1410 _b.G47 1999 |
| 082 |
_annn _bG345 |
||
| 245 | 0 | 0 |
_aGeopolítica de América Latina y el Caribe / _ccompiladores ; Leopoldo Zea, Maria Magallón. |
| 260 |
_aMéxico : _bInstituto Panamericano de Geografía e Historia, _bFondo de Cultura Económica, _c1999. |
||
| 300 |
_a225 p. : _bil. ; _c21 cm. |
||
| 490 | 1 |
_aLatinoamérica fin de milenio _v4 |
|
| 490 | 1 | _aTierra firme | |
| 504 | _aIncluye referencias bibliográficas. | ||
| 650 | 0 |
_aGeopolitics _zLatin America. _933408 |
|
| 650 | 0 |
_aGeopolitics _zCaribbean Area. _933409 |
|
| 700 | 1 |
_aZea, Leopoldo, _d1912- _ecomp. _93675 |
|
| 700 | 1 |
_aMagallón, Mario _ecomp. _919796 |
|
| 830 | 0 |
_aLatinoamérica fin de milenio ; _v4 _pTierra firme _919786 |
|
| 910 | _aCatalogación por copia / LC | ||
| 082 | 0 | 0 |
_a327/.098 _221 |
| 049 | _aBNGR | ||
| 999 |
_c14314 _d14314 |
||